000 00317nam a22001337a 4500
008 181217b xxu||||| |||| 00| 0 eng d
020 _a9780071375504
041 _aeng
080 _25th
_a615
100 _a5
101 _aFAR
245 _aApplied Biopharmaceutics & Pharmacokinetics
_cShargel.L
942 _2udc
_cBK
999 _c53161
_d53161